000 00948cam a22002411 4500
001 hew67000103
003 DLC
005 20260227111516.0
008 810304s1967 dcuac f000 0 eng c
010 _ahew67000103
035 _a(OCoLC)7188613
040 _aU.S. Dept. of Health, Education, and Welfare. Library
_cKyLoU
_dDLC
043 _an-us---
050 0 0 _aHQ1064.U5
_bA34 no. 136
110 1 _aUnited States.
_bAdministration on Aging.
245 1 0 _aMeeting the challenge of the later years;
_bguide to community action for Senior Citizens Month, 1967, and year-round activity.
260 _a[Washington,
_c1967]
300 _a32 p.
_billus., ports.
_c24 cm.
490 0 _aU.S. President's Council on Aging. PCA publication 136
500 _aPublished in cooperation with President's Council on Aging.
650 0 _aOlder people
_zUnited States.
740 0 _aCommunity action for Senior Citizens Month, 1967, and year-round activity.
999 _c34706
_d34706